Biologie - Expression des gènes - Statistiques

Statistiques générales
  • Ce quiz a été pris 237 fois
    236 depuis la dernière actualisation
  • Le résultat moyen est 8 sur 15
Statistiques - réponses
Question Réponse % Correct
Le condon stop est soit UAA, UAG, UGA Vrai
77%
Le codon start est AUG
71%
Lors de DNA réplication, la première étape est l'initiation et l'hélicase défait la double hélice en rompant les liaisons entre les hydrogènes et les bases azotées
67%
Le pre-mRNA devient du mRNA en joignant les exons et en "enlevant" les introns
63%
L'ADN polymérase synthétise le nouveau brin en continue pour la leading strand Vrai
63%
La transcription est l'étape où l'ADN est transcrite en ARNm
62%
Les primases ne synthétisent pas des amorces d'ARN au lagging strand Faux
57%
La protéine stabilisant la single stranded DNA est appelée Single-strand binding Vrai
56%
Le ribosome catalyse la formation de liaison peptidiques entre les acides aminés apporté par des tRNA successifs Vrai
56%
Lors de la translation, tRNA signifie RNA de transfert
54%
La translation est un complexe dans le cytosol comprenant mRNA, un ribosome et un tRNA
52%
La ligase relie les fragments d'Okazaki
48%
L'ARN polymérase se lie à la région du promoteur pour ensuite synthétiser des désoxyribonucléotides Faux
43%
La première étape de l'expression des gènes est Transcription
40%
L'anticodon est associé à tRNA
33%
Aucun quiz correspondant
Distribution des résultats
% des personnes avec chaque résultat
Percentile par nombre de réponses
Votre historique - résultats
Vous n’avez pas pris ce quiz depuis la dernière actualisation